National Assembly Library of Thailand

การพัฒนาระบบราชการไทย [4th] (ระเบียนเลขที่ 8763)

รายละเอียดในรูปแบบ MARC
000 -LEADER
fixed length control field 01051nam a22002417a 4500
005 - DATE AND TIME OF LATEST TRANSACTION
control field 20210325180223.0
008 - FIXED-LENGTH DATA ELEMENTS--GENERAL INFORMATION
fixed length control field s2542 th tha d
020 ## - INTERNATIONAL STANDARD BOOK NUMBER
International Standard Book Number 9747289326
041 ## - LANGUAGE CODE
Language code of text/sound track or separate title tha
050 ## - LIBRARY OF CONGRESS CALL NUMBER
Classification number JQ1746.Z13R4 ว197ก 2542
100 0# - MAIN ENTRY--PERSONAL NAME
Personal name วรเดช จันทรศร
245 10 - TITLE STATEMENT
Title การพัฒนาระบบราชการไทย [4th]
246 ## - VARYING FORM OF TITLE
Title proper/short title Development of the Thai bureaucratic system
260 3# - PUBLICATION, DISTRIBUTION, ETC.
Place of publication, distribution, etc. กรุงเทพฯ :
Name of publisher, distributor, etc. โครงการตำรา สมาคมนักวิจัยมหาวิทยาลัยไทย,
Date of publication, distribution, etc. 2542
300 ## - PHYSICAL DESCRIPTION
Extent 123 หน้า :
Other physical details แผนภูมิ ;
Dimensions 26 ซม.
650 04 - SUBJECT ADDED ENTRY--TOPICAL TERM
Topical term or geographic name entry element การบริหารรัฐกิจ -- วิจัย
650 04 - SUBJECT ADDED ENTRY--TOPICAL TERM
Topical term or geographic name entry element ระบบราชการ -- ไทย
650 04 - SUBJECT ADDED ENTRY--TOPICAL TERM
Topical term or geographic name entry element การปฏิรูประบบราชการ -- ไทย
850 ## - HOLDING INSTITUTION
Holding institution NALT
942 ## - ADDED ENTRY ELEMENTS (KOHA)
Koha item type General Book
997 ## -
-- 000000000008763
-- [อาคารรัฐสภา 2]
998 ## - LOCAL CONTROL INFORMATION (RLIN)
-- Mr.mover Books
รายการที่มีในห้องสมุด
Withdrawn status Lost status Damaged status Not for loan Collection code Home library Current library Shelving location Cost, normal purchase price Total Checkouts Full call number Barcode Date last seen Copy number Cost, replacement price Price effective from Koha item type Source of classification or shelving scheme Date acquired
      Not for Loan General Book collection National Assembly Library of Thailand National Assembly Library of Thailand Parliament Building 2 80.00   JQ 1746.Z13R4 ว197ก 2542 3961130520 09/06/2017 ฉ. 1 130.00 09/06/2017 General Book    
      Not for Loan General Book collection National Assembly Library of Thailand National Assembly Library of Thailand Parliament Building 2 80.00   JQ 1746.Z13R4 ว197ก 2542 3961130521 09/06/2017 ฉ. 2 130.00 09/06/2017 General Book    
        Senate National Assembly Library of Thailand National Assembly Library of Thailand General Book shelves     JQ 1746.Z13R4 ว197ก 2542 0100005166001 16/09/2022     26/04/2022 General Book Library of Congress Classification 26/04/2022
หอสมุดรัฐสภา
สำนักงานเลขาธิการสภาผู้แทนราษฎร เลขที่ 1111 ถนนสามเสน แขวงถนนนครไชยศรี เขตดุสิต กรุงเทพฯ 10300
The Secretariat of the House of Representatives 1111 Samsen Road, Thanon Nakhon Chai Si, Dusit, Bangkok 10300, THAILAND
โทรศัพท์: +66(0) 2242 5900 ต่อ 5714-5 โทรสาร: +66(0) 2242 5990 อีเมล: [email protected]